[Event "Biel GM"]
[Site "Biel"]
[Date "2007.08.01"]
[Round "8"]
[White "Van Wely, Loek"]
[Black "Carlsen, Magnus"]
[Result "1-0"]
[WhiteElo "2680"]
[BlackElo "2710"]
[Annotator "Van Wely,L"]
[PlyCount "119"]
[EventDate "2007.07.23"]
[EventType "tourn"]
[EventRounds "9"]
[EventCountry "SUI"]
[EventCategory "18"]
[SourceTitle "CBM 120"]
[Source "ChessBase"]
[SourceDate "2007.10.02"]
[SourceVersion "1"]
[SourceVersionDate "2007.10.02"]
[SourceQuality "1"]

{I was a happy camper on 1,5 from 7, and Magnus was leading the tournament
with +2, but just lost horribly against Pelletier, so any result possible. Ich
zierte das Tabellenende mit 1,5 aus 7, und Magnus führte im Turnier mit +2,
hatte allerdings gerade auf schreckliche Weise gegen Pelletier verloren, also
jedes Resultat möglich.} 1. d4 Nf6 2. c4 e6 3. Nf3 d5 4. Nc3 Bb4 5. Bg5 O-O 6.
e3 c5 7. cxd5 exd5 8. Bd3 $5 {Today I was in a creative mood and over the
board decided to play something new. A risky strategy when your tournament is
not running well, but somehow this kept me sharp. Heute war ich in kreativer
Stimmung und beschloss am Brett, etwas Neues zu spielen. Eine riskante
Strategie, wenn das Turnier nicht gut für dich läuft, aber irgendwie hielt
mich das unter Spannung.} (8. Rc1 {was Topalov's choice vs Carlsen. war
Topalovs Wahl gegen Carlsen.} Nbd7 9. dxc5 Qa5 $6 (9... Nxc5 $142 10. Qd4 (10.
Bd3 {Morozevich - Movsesian 0-1 Sarajevo 2007}) 10... Bxc3+ 11. Qxc3 Nce4 12.
Bxf6 Nxf6 $14) 10. a3 (10. Nd2 b6 11. c6 $6 (11. Be2 bxc5 12. O-O Bxc3 13. Rxc3
Qxa2 14. Qc2 Rb8 $11 {Grischuk-Carlsen Moscow 2006}) 11... d4 12. cxd7 dxc3 13.
bxc3 Bxc3 14. Bxf6 gxf6 15. dxc8=Q (15. Bd3 Bxd7 16. Rc2 $11) (15. Rxc3 Qxc3
16. dxc8=Q Raxc8 $36) 15... Raxc8 $36) 10... Bxc3+ 11. Rxc3 Ne4 12. b4 $1 Nxc3
13. Qa1 $16 {Topalov-Carlsen Wijk aan Zee 2007}) 8... c4 9. Bc2 Nbd7 10. O-O
Qa5 11. Rc1 (11. Ne5 Bxc3 12. bxc3 Nxe5 13. dxe5 Ne4 14. Be7 Re8 15. Bb4 Qc7
$11 {Radjabov-Carlsen blitz 2006}) 11... Bxc3 12. bxc3 Ne4 13. Bb1 Re8 14. Bf4
Nb6 $6 {I suppose Magnus didn't expect some violent action to happen on his
kingside, otherwise he might have gone for the solid Ich vermute, Magnus hatte
keinen Ausbruch von Gewaltätigkeiten an seinem Königsflügel erwartet,
ansonsten hätte er vielleicht das solide} (14... Nf8 {gewählt.}) (14... Qa3 {
with clear intentions to take on c3 is not so great: mit klaren Intentionen,
auf c3 zu schlagen, ist nicht so besonders:} 15. Ng5 $1 Ndf6 16. Nxe4 Nxe4 (
16... dxe4 17. d5) {and now the positonal und jetzt sehen sowohl das
positionelle} 17. Qe1 {and als auch} ({the more aggressive das aggressivere} 
17. Qh5 {both look tempting verlockend aus.})) 15. Ne5 f6 16. Qh5 Be6 17. f3 $1
{That was White's idea. Das war die Idee von Weiß.} fxe5 18. Bxe5 Bf7 19. Qh3
$1 {Doesn't give Black a chance to bail out to an inferior endgame. Gibt
Schwarz keine Chance, sich in ein schlechteres Endspiel zu verdrücken.} (19.
Qh4 $6 Nd7 $1 20. fxe4 Nxe5 21. dxe5 Bg6 22. exd5 Bxb1 (22... Qxd5 $6 23. Bxg6
hxg6 24. Rcd1 Qc5 (24... Qxe5 25. Qxc4+ Re6 (25... Qe6 26. Qxe6+ Rxe6 27. Rd7
$16) 26. Rf3 $16) 25. Qd4 (25. Qf4 Re7) 25... Rxe5 26. Qxc5 Rxc5 27. Rd7 Rf8
28. Rxf8+ Kxf8 29. Rxb7 Rd5 30. Rxa7 Rd3 31. Kf2 Rxc3 $16) 23. Rxb1 Qxd5 24.
Qd4 Qc6 $16 {Somehow White's compromised pawn structure gives Black good
drawing chances. Irgendwie gibt die kompromittierte Bauernstruktur von Weiß
Schwarz gute Remischancen.}) 19... Nf6 (19... Ng5 20. Qf5 h6 21. h4 Rxe5 22.
dxe5 Ne6 23. Qh7+ Kf8 24. f4 Bg8 25. Qh8 Qc5 26. Rce1 $40 {and during the game
and also now I didn't see any way for Black to stop my attack. und während der
Partie - und auch jetzt - sah ich keinen Weg für Schwarz, meinen Angriff
aufzuhalten.}) (19... Be6 20. Qh4) 20. Bxf6 gxf6 21. Qh6 $1 ({I understood
very well that after Ich war mir durchaus im klaren, dass nach} 21. Qxh7+ Kf8
22. e4 $40 {White has a nice attack going on, but the move played is even
stronger. Weiß einen schönen Angriff hat, aber der gespielte Zug ist noch
stärker.}) 21... Bg6 22. Bxg6 hxg6 23. Qxg6+ Kf8 24. Qxf6+ Kg8 25. Qg6+ Kf8 26.
Qf6+ Kg8 27. e4 ({After a long think I finally rejected Nach einer langen
Denkpause verwarf ich schließlich} 27. f4 $5 {because I prefered to win slowly
but surely instead of winning quickly but running some risk of screwing it up.
Later it happened that this "surely" was not to be 24 carats gold by the way. ,
weil ich lieber langsam, aber sicher gewinnen wollte, statt schnell zu siegen,
dafür jedoch das Risiko einzugehen, die Sache zu vermasseln. Später sollte
sich übrigens herausstellen, dass dieses "sicher" auch nicht auf die Goldwaage
zu legen war.} Qa3 $1 (27... Nd7 28. Qg6+ Kf8 29. f5 Ke7 30. Rb1 $1 (30. f6+
Kd6 $1) 30... Qa6 31. f6+ Kd6 32. f7+ Re6 33. Qg3+ Kc6 34. e4 $1 dxe4 35. Rf5
Rd6 36. Qf4 $18) 28. Qg6+ Kf8 29. f5 Ke7 30. f6+ Kd7 31. Qh7+ Kc6 32. f7 Rf8
33. e4 $36) 27... Qb5 (27... Qxa2 $5 {Is this possible? During the game I even
didn't notice this pawn was hanging, and right now I don't see a clear
refutation. At least it would have forced White to speed up matters. Ist das
möglich? Während der Partie bemerkte ich nicht einmal, dass dieser Bauer hing,
und selbst jetzt sehe ich keine klare Widerlegung. Zumindest hätte es Weiß
gezwungen, die Dinge zu beschleunigen.}) 28. Qg6+ Kf8 29. Qf6+ Kg8 30. Qg6+ Kf8
31. e5 Qc6 32. Qf5+ $2 (32. Qc2 $1) 32... Ke7 33. Qh7+ (33. f4 Qh6) 33... Kd8
34. f4 Qd7 35. Qxd7+ $2 {A big mistake, White still had a chance to better his
life and to show some understanding, but unfortunately again this was not the
case. The fact is that White's pawns are easier pushed with queens on, and
apart from that, Black's king lacks shelter, so the more pieces on, the better.
To make it even worse, with queens off, Black's king might become a very
useful blockader of White's pawn phalanx. Ein grober Fehler. Weiß hatte noch
immer eine Chance, sich das Leben zu erleichtern und etwas
Stellungsverständnis zu zeigen, aber leider versäumte er es aufs Neue.
Tatsache ist nämlich, dass die weißen Bauern mit Damen auf dem Brett leichter
vorgestoßen werden können,  und außerdem mangelt es dem schwarzen König an
Schutz; also je mehr Figuren auf dem Brett, desto besser. Was es noch
schlimmer macht, bei getauschten Damen könnte der schwarze König ein sehr
nützlicher Blockierer der weißen Bauernphalanx werden.} (35. Qh4+ Kc7 36. f5 {
was the way to play. war die angesagte Fortsetzung.}) 35... Kxd7 $1 (35... Nxd7
36. Rb1 Rb8 37. Rb5) 36. g4 Rg8 $1 {Slowing White down.} (36... Na4 $2 37. Kg2
{and there will be no stopping g5-h4-f5-g6 etc.}) 37. h3 (37. g5 $2 Raf8 38.
Kg2 Ke6) 37... Na4 38. Kg2 (38. f5 {to push the pawns was also an option,
however, I was waiting till I had all my bases loaded. um die Bauern
voranzutreiben, war ebenfalls eine Möglichkeit, doch ich wartete ab, bis ich
all meine Tablebases geladen hatte.}) 38... b5 39. Kg3 a5 40. a3 b4 (40... Rab8
$5 41. f5 b4 42. cxb4 axb4 43. axb4 Rxb4 44. h4 c3 45. Rf4 Rc8 46. f6 c2 (46...
Rb3 47. g5 $18) 47. Rf2 Rbc4 (47... Nc3 48. Rfxc2 Ne2+ 49. Rxe2 Rxc1 50. e6+
Ke8 51. Ra2 $18 {would have led to some kind of masochistic affair where
Black's extra rook won't be very helpful. hätte zu einer Art Masochismusnummer
geführt, wo der schwarze Mehrturm nicht besonders hilfreich sein wird.}) (47...
Rxd4 48. Rfxc2 Rd3+ 49. Kg2 Nc3 50. g5 Ke6 (50... d4 51. g6 $18) (50... Rc4 51.
f7 Ke7 (51... Rg4+ 52. Kf1 Rf3+ 53. Rf2 Rxf2+ 54. Kxf2 Ke7 55. Rxc3 $18) 52.
Rf2 $18) 51. g6 $18) 48. f7 Nc3 49. Kg2 Na2 50. Rcxc2 Rxc2 51. f8=Q Rxf8 52.
Rxc2 Nb4 53. Rd2 Nc6 54. h5 Nd8 $1 {and maybe Black can save himself. und
vielleicht kann Schwarz sich retten.}) 41. cxb4 {Not allowing some fancy stuff,
although probably bad: Lässt keine Spirenzchen zu, obwohl sie vermutlich
nichts taugen:} (41. axb4 Nxc3 $5 42. Rxc3 axb4) 41... axb4 42. axb4 Nb2 (42...
Rab8) 43. Rc3 Nd3 44. b5 Rgb8 45. Rb1 Ra5 46. f5 (46. b6 Ra6 47. b7 Ra7 48. g5
{I must confess that this was my first intention Ich muss gestehen, dass dies
meine erste Absicht war} (48. Rb5 Kc6) (48. Rb6 $2 Raxb7 49. Rd6+ Ke8 50. Rxd5
Rb3 $1 $19) 48... Raxb7 (48... Ke6 $2 49. Rb6+ Kf5 50. Rxd3 cxd3 51. Kf3) 49.
Rxb7+ Rxb7 50. g6 Ke6 51. Kg4 {but then I was unpleasantly surprised by the
consequences of , doch dann wurde ich unangenehm überrascht von den
Konsequenzen von} Nf2+) (46. g5 $2 Ke6 47. Kg4 Nf2+) 46... Raxb5 47. Rxb5 Rxb5
48. e6+ $6 {Laziness could have cost me the game, were it not that the
position is winning anyway. A good player would have calculated the endgame
after Faulheit hätte mich die Partie kosten können, wäre die Stellung nicht
sowieso gewonnen.} (48. Ra3 $1 Nxe5 {til the end: bis zum Ende:} 49. Ra7+ Kd6
50. dxe5+ Kxe5 51. Re7+ Kd6 52. Re6+ Kd7 53. Kf4 {but I couldn't and I still
can't. Just waiting for the tablebase of 9 pieces... , aber ich konnte es
nicht, und ich kann es noch immer nicht. Warte nur auf die 9-Steiner-Tablebase.
..}) 48... Ke7 $2 ({During the game I was getting very much worried about
Während der Partie bekam ich große Sorgen wegen} 48... Kd6 $1 {and I don't put
my hands in the fire that I would have found the solution: , und ich lege
meine Hand nicht dafür ins Feuer, dass ich die Lösung gefunden hätte.} 49. Ra3
Nb4 50. g5 Rb8 (50... Nc6 51. Kg4 Rb7 (51... Rb8 52. Re3 c3 53. Rxc3 Nxd4 54.
Re3 Rb4 55. e7 Nc6+ 56. Kh5 Nxe7 57. f6 Rh4+ 58. Kxh4 Nf5+ 59. Kh5 Nxe3 60. g6
Ke6 61. g7 Kf7 62. Kh6 $18) 52. g6 Nxd4 53. Kg5 Rb3 54. e7 $1 (54. Ra8 Rxh3 55.
g7 Nxe6+ 56. fxe6 Rg3+ 57. Kf6 Rf3+ 58. Kg6 Rg3+ 59. Kf7 Rxg7+ 60. Kxg7 Kxe6
$11) (54. Rxb3 cxb3 55. g7 Nxe6+ 56. fxe6 b2 $11) 54... Kxe7 55. f6+ {and it
seems White is winning here.  und es sieht so aus, als ob Weiß hier gewinnt.})
51. Kg4 Rc8 52. e7 $3 {To give up your pride like this, you need to be tough!
Um seinen Stolz so aufzugeben, muss man schon ein ganz Harter sein!} Kxe7 53.
f6+ Kf8 (53... Kf7 54. Ra7+ Ke6 55. Re7+ Kd6 56. g6) 54. Ra7 Nc6 55. Rh7) 49.
Ra3 Rb7 50. g5 Nb4 (50... Nc5 {Also this last swindle doesn't work: Auch
dieser letzte Schwindel funktioniert nicht:} 51. dxc5 Rb3+ 52. Rxb3 cxb3 53. c6
b2 54. c7 b1=Q 55. c8=Q Qe1+ 56. Kg4 Qe2+ 57. Kh4 Qc4+ 58. Qxc4 dxc4 59. Kh5 c3
60. Kg6 c2 61. f6+ Kxe6 62. f7 c1=Q 63. f8=Q $18) 51. Re3 $1 {Now there is no
more stopping. Nun gibt es kein Halten mehr.} Nc6 52. f6+ Kd6 53. Kg4 c3 54. e7
c2 55. Rc3 Rb8 56. Rxc2 Nxd4 57. Rb2 Rc8 58. g6 Ne6 59. Rb6+ Kd7 60. Rb7+ 1-0

[Event "World Cup blindfold"]
[Site "Bilbao"]
[Date "2007.10.18"]
[Round "5"]
[White "Karjakin, Sergey"]
[Black "Carlsen, Magnus"]
[Result "0-1"]
[WhiteElo "2694"]
[BlackElo "2714"]
[Annotator "Ftacnik,L"]
[PlyCount "68"]
[EventDate "2007.10.16"]
[EventType "tourn (rapid)"]
[EventRounds "10"]
[EventCountry "ESP"]
[EventCategory "19"]
[SourceTitle "CBM 121"]
[Source "ChessBase"]
[SourceDate "2007.11.14"]
[SourceVersion "1"]
[SourceVersionDate "2007.11.14"]
[SourceQuality "1"]

1. e4 c5 2. Nf3 Nc6 3. Bb5 e6 4. Bxc6 bxc6 5. d3 Ne7 6. Qe2 Qc7 7. Ng5 e5 8. f4
exf4 9. O-O Ng6 10. Qh5 d6 {Carlsen has done his homework and studied this
interesting line in some detail. We will have to wait till somebody decides to
test 10...Qe5!? with an unpleasant pin for the white queen.} (10... Bd6 11. g3
Ba6 $6 (11... fxg3 $1 12. Rxf7 gxh2+ 13. Kh1 Ba6 14. Nxh7 Kxf7 15. Qf5+ Ke8 16.
Qxg6+ Kd8 17. Qxg7 Be5 18. Nf6 Kc8 19. Qxh8+ Kb7 20. Qh6 Bxf6 21. Bf4 Qd8 22.
e5 Qg8 23. Nc3 Qg4 {0-1 Cornette,M (2482)-Palac,M (2571)/Dresden 2007 (27)})
12. gxf4 Rf8 13. e5 Be7 14. Nc3 O-O-O 15. Nge4 f5 16. Ng5 Bxg5 17. Qxg5 d6 18.
Be3 dxe5 19. fxe5 Qxe5 20. Rae1 $16 {1-0 Bologan,V (2679)-Lautier,J (2676)/
Reykjavik 2004 (46)}) (10... Qe5 $5 11. Bxf4 (11. Nd2 h6 12. Ndf3 Qf6 $13)
11... Qd4+ (11... Qxb2 12. Na3 Qd4+ (12... Qxa3 $2 13. Nxf7) 13. Kh1 h6 $13)
12. Kh1 Qf6 $1 13. e5 Qf5 14. Qf3 Nxf4 15. Qxf4 Qxf4 16. Rxf4 f6 $15) 11. Bxf4
Nxf4 $1 (11... h6 $6 12. Nxf7 $1 Qxf7 13. Bxd6 Qe6 14. Bxf8 Rxf8 15. Nd2 Bd7
16. Qxc5 Qe7 17. Rxf8+ Kxf8 18. Rf1+ Kg8 19. Qxe7 Nxe7 20. Nb3 Rd8 21. Nc5 {
1-0 Grischuk,A (2710)-Shirov,A (2720)/Moscow 2006 (51)}) (11... f6 12. Nf3 (12.
Nxh7 Qf7 13. Bg3 Be6 14. Nd2 O-O-O) 12... Qf7 13. Bg3 Ne5 14. Qxf7+ $14) 12.
Rxf4 g6 13. Qf3 (13. Qh4 $2 h6 $1 14. Nxf7 (14. Rf6 Be7 15. Rxf7 Bxg5 $19)
14... Rh7 $1 15. Qg3 g5 $1 16. Nxg5 hxg5 17. Qxg5 Qg7 $19) 13... Bg7 $1 (13...
Bh6 $2 14. Rxf7 Qa5 15. Nd2 (15. Nc3 Bxg5 16. Rf1 Be6 17. Rf6 $1 (17. e5 d5 18.
Rf6 $1 $16) 17... Kd7 18. Rxe6 $1 Raf8 (18... Kxe6 19. Qf7+) 19. Rxd6+ Kxd6 20.
Qg3+ $16) 15... Bxg5 (15... Qxd2 16. Qf6 Bxg5 17. Re7+ Kd8 18. Qxd6+ $18) 16.
Nc4 Qd8 17. e5 Bg4 (17... dxe5 18. Re1 Bf5 19. Nxe5 $18) 18. Qf2 dxe5 19. Re1
Bf5 20. Nxe5 $18) 14. Rxf7 (14. e5 $6 O-O $1 (14... Bxe5 $4 15. Rxf7 Qd8 16.
Qxc6+ $18) 15. exd6 Qd8 (15... Qxd6 16. Nd2 Qe5 $17) 16. Nxf7 Qe8 $1 $19) (14.
Nd2 $5 O-O 15. Rf1 f6 16. Nc4 Rb8 $15) 14... Bd4+ {Both young players must
have known some interesting analyses of this sharp position. Each move
required attention and exact calculation.} 15. Kh1 (15. Kf1 $5 Qd8 16. Nxh7 Bf5
$1 (16... Qh4 17. c3 Rxh7 18. Rxh7 Qxh7 19. cxd4 Qh6 20. Na3 Qxh2 21. Re1 $16)
17. Rf8+ Rxf8 18. Nxf8 Bg4 19. Qxg4 Qf6+ 20. Qf3 Qxf3+ 21. gxf3 Bxb2 $15) 15...
Qd8 $1 16. c3 (16. Rxh7 Rxh7 17. Nxh7 Bxb2 18. e5 Qe7 $3 19. Qxc6+ Kd8 20. Qxa8
Qxh7 $17) (16. Nd2 Qxg5 17. Nc4 Be5 18. Rf1 Be6 $17) (16. Nxh7 $5 Bf5 (16...
Bxb2 $2 17. Nc3 $1 Bxa1 (17... Bxc3 18. Rf1 Bf5 19. exf5 Kxf7 20. fxg6+ Kg7 21.
Qf7+ Kh6 22. Rf3 $18) 18. Rf8+ Rxf8 19. Qxf8+ Kd7 20. Qf7+ Qe7 21. Nf6+ Kd8 22.
Qg8+ Kc7 23. Ncd5+ cxd5 24. Nxd5+ Kd7 25. Nxe7 Kxe7 26. g4 $16) (16... Be6 $5
17. Rf8+ Rxf8 18. Qxf8+ Kd7 19. Qxd8+ Rxd8 20. Nc3 $14) (16... Qh4 $2 17. Rf8+
Rxf8 18. Qxf8+ Kd7 19. Nd2 $18) 17. Rxf5 gxf5 (17... Qe7 $2 18. Nf6+ Kd8 19.
Ng8 $1 Rxg8 20. Rf7 $16) 18. Qh5+ Kd7 19. Qxf5+ Kc7 20. Ng5 Rh6 $5 21. Nd2 Qg8
$15) 16... Be5 {After the game it seems, that White is the one playing with
fire. There is a strong suspicion, that Black could have tried for an
advantage with 16...Qxg5!?} (16... Qxg5 $5 17. cxd4 Qc1+ (17... Bf5 18. Nc3 $1
Kxf7 19. exf5 $44) 18. Qf1 Qxf1+ 19. Rxf1 cxd4 20. Nd2 Ba6 21. Nc4 Ke7 $17) 17.
Rg7 $2 (17. d4 $2 cxd4 18. cxd4 Bxd4 19. Rxh7 Rxh7 20. Nxh7 Qe7 $1 (20... Bxb2
$6 21. Nc3 $1 Bxa1 22. Qf8+ Kd7 23. Qf7+ Qe7 24. Nf6+ Kd8 25. Qg8+ Kc7 26.
Ncd5+ cxd5 27. Nxd5+ Kd7 28. Nxe7 Rb8 29. h4 Kxe7 $13) 21. Nd2 Qxh7 $19) (17.
h4 $1 h6 18. Rg7 $1 Rf8 (18... Qf6 19. Qxf6 Bxf6 20. Rxg6 $14) 19. Rf7 (19. Rg8
$5 Qe7 20. Rxf8+ Qxf8 21. Qxf8+ Kxf8 22. Nf3 Ba6 $11) 19... Rh8 $11) 17... Qf6
$1 {[%mdl 4] An extremely charming refutation of White's spirited attack, as
castling short on move 19 will create a mating attack!} (17... Qxg5 $2 18. Qf7+
Kd8 19. Qc7+ $11) (17... Rf8 $2 18. Rg8 $1 $16) 18. Qxf6 (18. Rxh7 Rxh7 19.
Nxh7 Qh4 (19... Qh8 $5 20. d4 cxd4 21. cxd4 Bxd4 22. Nd2 Qxh7 $17) 20. Qf8+ Kd7
21. Qf7+ Kd8 22. g3 Bxg3 23. Qf6+ Qxf6 24. Nxf6 Be5 25. Nh7 Rb8 $19) 18... Bxf6
19. Rxh7 O-O $1 20. Na3 (20. Rh6 $2 Bxg5 21. Rxg6+ Kh7 22. Rxg5 Rf1#) 20...
Bxg5 21. Rc7 Rf7 {Carlsen already had a pleasant choice. His only task is to
coordinate pieces and punish his unfortunate opponent.} (21... Ba6 22. Nc4 (22.
Rxc6 Bxd3 23. Rxd6 Bxe4 $19) 22... Bxc4 23. dxc4 Rf2 24. Rxc6 Raf8 $19) 22.
Rxc6 Bf4 $1 23. Nc4 Bd7 24. Ra6 (24. Rc7 $2 d5 $19) 24... Bb5 25. Ra5 Bxc4 26.
dxc4 Be5 27. Rd1 (27. Kg1 Raf8 28. Rb1 Rf2 29. Rxa7 Re2 $19) 27... Raf8 28. g3
Rf2 {Black is dominating the board and thus can play for a mating attack.} 29.
b4 (29. Rb5 Re2 $19) 29... Bxc3 30. Rxa7 Bd4 31. Rd7 Rxa2 32. bxc5 Rff2 $1 (
32... dxc5 33. Rb1 Bg7 (33... Rff2 34. Rb8+) 34. Kg1 Rc2 $19) 33. Rd8+ (33.
Rxd4 Rf1#) 33... Kg7 34. Rd7+ Kh6 0-1

[Event "World Cup blindfold"]
[Site "Bilbao"]
[Date "2007.10.19"]
[Round "8"]
[White "Carlsen, Magnus"]
[Black "Polgar, Judit"]
[Result "1-0"]
[WhiteElo "2714"]
[BlackElo "2708"]
[Annotator "Ftacnik,L"]
[PlyCount "53"]
[EventDate "2007.10.16"]
[EventType "tourn (rapid)"]
[EventRounds "10"]
[EventCountry "ESP"]
[EventCategory "19"]
[SourceTitle "CBM 121"]
[Source "ChessBase"]
[SourceDate "2007.11.14"]
[SourceVersion "1"]
[SourceVersionDate "2007.11.14"]
[SourceQuality "1"]

1. d4 Nf6 2. c4 e6 3. Nf3 c5 4. Nc3 cxd4 5. Nxd4 Qb6 6. g3 Bc5 7. e3 Nc6 8. Bg2
Nxd4 9. exd4 Bxd4 10. O-O O-O {Judit plays a dangerous line, but in the
critical position even avoids the main defence 10...e5 that has yet to be
refuted. White has a dangerous initiative for the pawn, but can he aspire to
more than the equality?} (10... a6 11. Na4 Qa7 12. Bf4 $1 d5 (12... e5 13. Bxe5
$1 Bxe5 14. Re1 O-O 15. Rxe5 d5 16. cxd5 b5 17. Nc3 b4 18. Na4 Bb7 19. Qd2 a5
20. b3 Rad8 21. Rd1 {1-0 Greenfeld,A (2549)-Rocius,M (2240)/Saint Vincent 2005
(25)}) 13. Bd6 $1 e5 (13... dxc4 14. Rc1) 14. c5 Bg4 15. Qd2 Rd8 16. Rae1 $16 {
Umansky-Schmittdiel/Absam 2002/}) (10... Bxc3 $6 11. bxc3 O-O 12. Ba3 $1 $14)
11. Bg5 $146 (11. Na4 Qd6 12. Bf4 $5 (12. Be3 Be5) 12... e5 13. Be3 Qb4 14.
Bxd4 exd4 15. b3 d5 16. a3 Qa5 17. cxd5 Nxd5 18. Qxd4 $14 {1-0 Bricard,E (2460)
-Olafsson,H (2270)/Reykjavik 1993 (52)}) 11... e5 12. c5 $5 {Carlsen is
uncorking a dangerous idea, that would be challenging enough without the
limitations of the blindfold game..} Qxc5 $6 (12... Qxb2 $6 13. Bxf6 Qxc3 14.
Rc1 $1 (14. Qg4 g6 15. Rac1 Qd2 $1) 14... Qb2 (14... Qb4 15. a3 $1) 15. Qg4 g6
16. Rc4 Qd2 17. Qh4 h5 (17... Re8 $2 18. Rc2 $1 $18) 18. Rxd4 Qxd4 (18... exd4
19. Bxd4 g5 (19... a5 20. Qf6 Qh6 21. Bd5 $16) 20. Qe4 $16) 19. Qg5 Kh7 20.
Bxe5 $5 f6 21. Bxd4 fxg5 22. Re1 Rf7 23. Bd5 Rg7 24. Re8 $18) (12... Bxc5 $5
13. Na4 Qa5 14. Bxf6 gxf6 15. Qg4+ Kh8 16. Qh4 Kg7 17. Be4 Rh8 18. Qg4+ Kf8 $13
) (12... Qe6 $6 13. Nb5 Qf5 14. Be3 $1 Bxe3 15. fxe3 Qg5 16. Qb3 $14) (12...
Qa6 13. Be3 (13. Rc1 d5 14. Bxf6 Qxf6 15. Nxd5 Qd8 $15) 13... Bxc3 14. bxc3 d5
15. cxd6 Rd8 $13) 13. Bxf6 gxf6 14. Nd5 (14. Qg4+ Kh8 15. Qh4 $1 Kg7 (15...
Bxc3 $2 16. Be4 $1 $18) 16. Be4 Rh8 17. Nd5 Qd6 18. Rad1 $1 h5 19. Rd3 $16)
14... d6 $2 {[%mdl 256] Polgar feels, that developing the bishop from c8 is
imperative, but unfortunately it is too slow. Suddenly the black queen is cut
off from the kingside and White will just win.} (14... f5 $1 15. Rc1 (15. Qh5
Qd6 16. Qxf5 Qh6 $13) 15... Qd6 16. Nc7 Rb8 17. Nb5 Qb4 18. Nxd4 exd4 19. Qh5
$40) 15. Qh5 Kg7 (15... f5 $2 16. Qg5+ Kh8 17. Qf6+ Kg8 18. Ne7#) 16. Be4 h6 (
16... Rh8 17. Qh4 $18) 17. Rac1 Bxf2+ (17... Qa5 18. Rxc8 Rfxc8 19. Qf5 Rg8 20.
Qxf6+ Kf8 21. Qxh6+ Ke8 22. Qxd6 $18) 18. Kg2 Qd4 19. Qh4 $1 {Black has
grabbed three pawns, but her position is completely hopeless.} f5 (19... Rg8
20. Qxf6+ Kf8 21. Qxd6+ Kg7 22. Qf6+ Kf8 23. Qxh6+ $18) 20. Qf6+ Kg8 (20... Kh7
21. Bxf5+ Bxf5 22. Qxf5+ Kg7 23. Nf6 $18) 21. Ne7+ Kh7 22. Bxf5+ Bxf5 23. Qxf5+
(23. Nxf5 Qe4+ 24. Kxf2 $18) 23... Kg7 24. Rxf2 e4 25. Rc4 $1 {Carlsen is
enjoying himself and tries to win with an impressive attack.} (25. Qh5 $18)
25... Qxc4 26. Qf6+ Kh7 27. Nf5 $1 1-0